Подробности
| 000 -МАРКЕР |
| контрольное поле |
01998nam2a2200313 4500 |
| 001 - ИДЕНТИФИКАТОР ЗАПИСИ |
| контрольное поле |
RU\NLR\bibl\1783047 |
| 005 - ИДЕНТИФИКАТОР ВЕРСИИ |
| контрольное поле |
20260408070913.0 |
| 010 ## - МЕЖДУНАРОДНЫЙ СТАНДАРТНЫЙ НОМЕР КНИГИ (ISBN) |
| Номер (ISBN) |
978-5-361-00132-3 |
| Тираж |
100 |
| 021 ## - НОМЕР ГОСУДАРСТВЕННОЙ РЕГИСТРАЦИИ |
| Код страны |
Российская Федерация |
| Номер |
2011-39430 |
| Номер Листа государственной регистраци |
2809 |
| 035 ## - ДРУГИЕ СИСТЕМНЫЕ НОМЕРА |
| Идентификатор записи |
(NLR Aleph) 001773787 |
| 100 ## - ДАННЫЕ ОБЩЕЙ ОБРАБОТКИ |
| Данные общей обработки |
20110624d2010 |||y0rusy50 ca |
| 101 0# - ЯЗЫК РЕСУРСА |
| Язык текста, звукозаписи и т.д. |
русский |
| 102 ## - СТРАНА ПУБЛИКАЦИИ ИЛИ ПРОИЗВОДСТВА |
| Страна публикации |
Российская Федерация |
| 105 ## - ПОЛЕ КОДИРОВАННЫХ ДАННЫХ: ТЕКСТОВЫЕ МАТЕРИАЛЫ, МОНОГРАФИЧЕСКИЕ |
| Кодированные данные о монографическом текстовом документе |
a ||||||||| |
| 200 1# - ЗАГЛАВИЕ И СВЕДЕНИЯ ОБ ОТВЕТСТВЕННОСТИ |
| Основное заглавие |
Актуальные проблемы современности |
| Параллельное заглавие |
Actual problem of today |
| Первые сведения об ответственности |
Федер. агентство по образованию, Белгород. гос. технол. ун-т им. В.Г. Шухова [и др. |
| Последующие сведения об ответственности |
под общ. науч. ред. д.э.н., проф. Чижовой Е.Н.] |
| Язык параллельного заглавия |
английский |
| 210 ## - ПУБЛИКАЦИЯ, РАСПРОСТРАНЕНИЕ И ДР. |
| Место издания, распространения и т.д. |
Белгород |
| -- |
Москва |
| Имя издателя, распространителя и т. д. |
БГТУ [и др.] |
| Дата издания, распространения и т.д. |
2010 |
| 215 ## - ФИЗИЧЕСКАЯ ХАРАКТЕРИСТИКА |
| Специфическое обозначение материала и объем |
304 c. |
| Другие сведения о физической характеристике |
ил. |
| 300 ## - ОБЩИЕ ПРИМЕЧАНИЯ |
| Текст примечания |
В надзаг. также: Ин-т перспектив. исслед. (Моск. обл.), Белгород. регион. отд-ние Рос. акад. естеств. наук, Федер. гос. образоват. учреждение высш. проф. образования |
| 320 ## - ПРИМЕЧАНИЯ О НАЛИЧИИ В ДОКУМЕНТЕ БИБЛИОГРАФИИ / УКАЗАТЕЛЯ |
| Текст примечания |
Библиогр. в конце отд. работ |
| 461 #0 - УРОВЕНЬ НАБОРА |
| Встроенное поле |
001RU\NLR\bibl\322057 |
| -- |
2001#$aЭкономика. Общество. Человек$vВып. 14 |
| Системный номер (АБИС) связанной записи |
73724 |
| Место публикации |
Белгород |
| Дата публикации |
2002 |
| Первые сведения об ответственности |
М-во образования Рос. Федерации, Белгор. гос. технол. акад. строит. материалов, Каф. экон. теории и др. |
| Имя издателя, распространителя и т.д. |
Белаудит |
| Сведения, относящиеся к заглавию |
[сб. науч. тр.] |
| Заглавие |
Экономика. Общество. Человек |
| Номер тома |
Вып. 14 |
| 510 0# - ПАРАЛЛЕЛЬНОЕ ЗАГЛАВИЕ |
| Параллельное заглавие |
Actual problem of today |
| Язык заглавия |
английский |
| 712 02 - НАИМЕНОВАНИЕ ОРГАНИЗАЦИИ - ВТОРИЧНАЯ ОТВЕТСТВЕННОСТЬ |
| Код отношения |
Прочие |
| Начальный элемент ввода |
Белгородский государственный технологический университет им. В. Г. Шухова |
| Системный номер авторитетной/нормативной записи |
596079 |
| Идентификатор авторитетной/нормативной записи |
RU\NLR\AUTH\8810048015 |
| 801 #0 - ИСТОЧНИК ЗАПИСИ |
| Страна |
Российская Федерация |
| Организация |
NLR |
| Дата составления |
20110624 |
| Правила каталогизации |
RCR |
| 801 #1 - ИСТОЧНИК ЗАПИСИ |
| Страна |
Российская Федерация |
| Организация |
NLR |
| Дата составления |
20110624 |
| 942 ## - ДОПОЛНИТЕЛЬНЫЕ ЭЛЕМЕНТЫ ЗАПИСИ (АБИС) |
| Тип экземпляра АБИС |
Книга |
| 980 ## - КОЛЛЕКЦИЯ |
| Название коллекции |
Национальная библиография |